Statistics for 60 Closest pairs of Capital Cities of non-bordering continental Countries

Click here to take the quiz!

General Stats

  • This quiz has been taken 432 times
  • The average score is 97 of 120

Answer Stats

ANSWER% Correct
Bern
93%
BERN
93%
ROMA
93%
VIENNA
93%
Vienna
93%
AMSTERDAM
91%
Budapest
91%
BUDAPEST
91%
HELSINKI
91%
Helsinki
91%
BRATISLAVA
90%
Bratislava
90%
LUXEMBOURG
90%
Luxembourg
90%
OSLO
90%
PRAGUE
90%
Prague
90%
Stockholm
90%
STOCKHOLM
90%
Riga
89%
RIGA
89%
San Marino
89%
SAN MARINO
89%
SOFIA
89%
Sofia
89%
Vatican City
89%
VATICAN CITY
89%
Zagreb
89%
ZAGREB
89%
COPENHAGEN
88%
BELGRADE
87%
Belgrade
87%
BRUSSELS
87%
Bucharest
87%
BUCHAREST
87%
MONACO
87%
Monaco
87%
VADUZ
87%
Vaduz
87%
Sarajevo
86%
SARAJEVO
86%
SKOPJE
86%
Skopje
86%
TIRANA
85%
Tirana
85%
TALLINN
84%
Tallinn
84%
Ljubljana
83%
LJUBLJANA
83%
Pristina
83%
PRISTINA
83%
Podgorica
82%
PODGORICA
82%
ANDORRA LA VELLA
80%
CAIRO
71%
BEIRUT
70%
AMMAN
69%
Amman
69%
SAN SALVADOR
66%
San Salvador
66%
TEGUCIGALPA
62%
BELMOPAN
61%
Belmopan
61%
MANAGUA
61%
ACCRA
57%
Bissau
57%
BISSAU
57%
FREETOWN
57%
DHAKA
54%
Banjul
53%
BANJUL
53%
KATHMANDU
53%
DJIBOUTI
51%
SANAA
49%
PORTO-NOVO
47%
THIMPHU
47%
Thimphu
47%
NOUAKCHOTT
43%
MASERU
40%
MBABANE
40%

Score Distribution

Percentile by Number Answered

Percent of People with Each Score

Your Score History

You have not taken this quiz